Paesi de l'Europa - Statistics

General Stats
  • This quiz has been taken 516 times
    6 since last reset
  • The average score is 27 of 45
Answers on the Map
Answers color-coded by a green-red scale on the quiz's map according to % correct below.
 
Answer Stats
Paese % Correct
Italia
100%
Andora
80%
Austria
80%
Bosnia eErcegovina
80%
Bulgarìa
80%
Estonia
80%
Finlandia
80%
Grecia
80%
Irlanda
80%
Islanda
80%
Letonia
80%
Litenstain
80%
Lituania
80%
Moldavia
80%
Polonia
80%
Romania
80%
Russia
80%
San Marin
80%
Slovenia
80%
Ucraina
80%
Albania
60%
Bielorussia
60%
Cità delVatican
60%
Danemarca
60%
Macedoniadel Nord
60%
Malta
60%
Montenegro
60%
Portogalo
60%
Serbia
60%
Slovachia
60%
Spagna
60%
Ungaria
60%
França
40%
Lussemburgo
40%
Norveza
40%
Paesi Bassi
40%
Zermania
40%
Belzica
20%
Chiechia
20%
Cossovo
20%
Crovacia
20%
Monego
20%
Regno Unido
20%
Svecia
20%
Svicera
20%
No matching quizzes found
Score Distribution
Percent of People with Each Score
Percentile by Number Answered
Your Score History
You have not taken this quiz since the last reset